000 00414nam a2200181Ia 4500
001 2100
005 20260306143817.0
008 260306t1968||||xx |||||||||||||| ||spa||
041 _aESP
082 _a612.8
_bP31
100 _aPávlov, Iván
_eAUT
245 0 _aFisiología y psicología
260 _c1968
300 _a193 páginas :
_c18 cm.
650 _aGEN
654 _aCPS
942 _cLIB
_dJUS
_fJUS
_2ddc
_n
999 _c2100
_d2100